Introduction to Simple Ryodoraku-Treatment
This book introduce treatment of deafness (principally perceptive deafness). Medical tratment in general. Location of Hanno-Ryodo-Points and indications of it.
में बचाया:
| मुख्य लेखक: | |
|---|---|
| स्वरूप: | पुस्तक |
| भाषा: | Undetermined |
| प्रकाशित: |
Tokyo
Bunkodo Co., LTD.
1971
|
| विषय: | |
| टैग : |
टैग जोड़ें
कोई टैग नहीं, इस रिकॉर्ड को टैग करने वाले पहले व्यक्ति बनें!
|
| Thư viện lưu trữ: | Trung tâm Học liệu Trường Đại học Cần Thơ |
|---|
| LEADER | 00672nam a2200193Ia 4500 | ||
|---|---|---|---|
| 001 | CTU_231441 | ||
| 008 | 210402s9999 xx 000 0 und d | ||
| 082 | |a 612.7 | ||
| 082 | |b G975 | ||
| 100 | |a Gunji, Ryoichi | ||
| 245 | 0 | |a Introduction to Simple Ryodoraku-Treatment | |
| 245 | 0 | |c Ryoichi Gunji | |
| 260 | |a Tokyo | ||
| 260 | |b Bunkodo Co., LTD. | ||
| 260 | |c 1971 | ||
| 520 | |a This book introduce treatment of deafness (principally perceptive deafness). Medical tratment in general. Location of Hanno-Ryodo-Points and indications of it. | ||
| 650 | |a Tai mũi họng,Otolaryngology | ||
| 910 | |b dqhieu | ||
| 980 | |a Trung tâm Học liệu Trường Đại học Cần Thơ | ||